00936nam a2200229Ia 4500003000900000008004100009020001700050040001600067080002100083100002500104111004600129245022400175260004200399300001600441650004100457650002900498650001800527650001400545942000700559999001500566952012500581IN-BaIIA211028s9999 xx 000 0 eng d a90-277-02667 cIIA Library a082.2:52bIAU-56 aAthay, Grant R97908 n56thcOld Australiad1973 Sep. 3-7914404 0aChromospheric Fine Structurebproceedings of the Symposium no.56 on chromospheric fine structure, held in Suffers Parachiee, Old Australia 3-7 Sept.ember 1973cGrant R Athay  aDordrechtbD. Reidel Publishingc1974 axvii, 307p. aAstronomy and Astrophysics Thesaurus aSolar Chromosphere93973 aSolar Physics aSun91200 cBK c8587d8587 00104070aBANbKODcGENd1986-01-08g193.50l0o082.2:52/ IAU-56p9456r2021-11-05v193.50w1986-01-08yBKGRs. 193.50